00521nam a22001692 4500001001100000005001700011008004100028020003500069040001500104050001800119100002900137245007000166260004600236300001700282362001200299650004000311000000059220151217151751.0070213s xx 000 0 eng d a0939868059 (v. 3) :cKES 2,950 aKABUcKABU 0aBR115b.P8H361 aHamon, Bill.@000014882410aProphets pitfalls and principles :bGod's prophetic people today. aShippensburg, PA :bDestiny Image,c1991. axiii, 204 p.0 avol. 3. 0aProphecyxChristianity.@0000148825